000 01248cam a2200241 4500
001 5975
010 _a9722018175
021 _b151448/00
090 _a5975
100 _a20211231d2000 m||y0pory5003 ba
200 1 _aZiguezague
_fLandon J. Napoleon
_gtrad. José Vieira de Lima
210 9 _aLisboa
_cDom Quixote
_d2000
215 _a258, [5] p.
225 2 _aFicção universal
_v240
304 _aTít. orig.: Zig zag
330 _aLouis Fletcher, aliás ZigueZague, é um rapaz negro que leva pancada do pai, lava pratos num restaurante de terceira categoria e está convencido que tem superpoderes. Com quinze anos, ZigueZague, fala, pensa, e age como um menino de dez, e tem uma noção muito particular do espaço e do tempo. A história é contada, através do discurso directo de ZigueZague, sem recorrer nunca a qualquer narração exterior ao próprio protagonista, o que faz deste primeiro romance de Landon J. Napoleon, um livro singular, ao mesmo tempo divertido e comovente.
606 _913
_aLiteratura Estrangeira
675 _a821.111(73)-31"19"
_vBN
_zpor
700 _aNapoleon
_bLandon J.
_f1964-
_95654
702 _aLima
_bJosé Vieira de
_f1951-2019
_92095
801 _aPT
_bBMVN
_gRPC
830 _cInês Silva
_d31/12/2021
990 _cLIVROS